[Event "Madrid-chT 1920 Honor"]
[Site "Madrid"]
[Date "2020.03.01"]
[Round "11.3"]
[White "Garcia Salamero, Gabriel"]
[Black "Martin Duque, Jesus"]
[Result "0-1"]
[WhiteElo "2167"]
[BlackElo "2423"]
[PlyCount "150"]
[EventDate "2019.11.24"]
[EventType "team-tourn"]
[EventRounds "12"]
[EventCountry "ESP"]
[SourceTitle "EXT 2021"]
[Source "ChessBase"]
[SourceDate "2020.10.23"]
[SourceVersion "1"]
[SourceVersionDate "2020.10.23"]
[SourceQuality "1"]
[WhiteTeam "Getafe"]
[BlackTeam "Collado Villalba"]
[WhiteTeamCountry "ESP"]
[BlackTeamCountry "ESP"]

1. e4 c5 2. Nf3 e6 3. d4 cxd4 4. Nxd4 Nc6 5. Nc3 Qc7 6. g3 a6 7. Nde2 Bc5 8. Bg2 Nf6 9. h3 h5 10. Nf4 Ba7 11. Nd3 d6 12. 0-0 Ne5 13. Nxe5 dxe5 14. Qe2 Bd7 15. Be3 Bd4 16. Rfd1 Bxc3 17. bxc3 Qxc3 18. Rab1 Bb5 19. Rxb5 axb5 20. Qxb5+ Qc6 21. Qxe5 0-0 22. Qg5 Qxc2 23. Rc1 Qd3 24. Rc7 Nxe4 25. Qe5 Qd1+ 26. Kh2 Qd6 27. Qxd6 Nxd6 28. Bc5 Rfd8 29. a3 Ra5 30. Bb4 Rf5 31. Rc2 f6 32. h4 Re5 33. Bf3 b5 34. Rd2 Nf7 35. Rc2 Nh6 36. Rc7 Rf5 37. Kg2 Ng4 38. Rc2 Re5 39. Rc6 Rd3 40. Rc2 Kh7 41. Be2 Rxe2 42. Rxe2 e5 43. Rd2 Rb3 44. Re2 Kg6 45. Bc5 Rc3 46. Bb4 Rd3 47. Bc5 Rd5 48. Bf8 Kf7 49. Bb4 Nh6 50. Rc2 Nf5 51. Rc7+ Ke8 52. Rb7 Kd8 53. Rb8+ Kc7 54. Rh8 e4 55. Rg8 Kc6 56. Rc8+ Kd7 57. Rg8 Re5 58. Kg1 Re8 59. Rxe8 Kxe8 60. Kf1 Kd7 61. Bf8 Ke6 62. Kg2 g6 63. Bb4 Nd4 64. Kf1 Nc2 65. Bf8 Kd5 66. Ke2 Kc4 67. Be7 f5 68. Kd2 Kb3 69. Bf8 Nxa3 70. Ke3 Nc2+ 71. Kf4 Kc4 72. Kg5 b4 73. Bxb4 Nxb4 74. Kxg6 Nd3 75. Kxf5 Nxf2 0-1

[Event "Madrid-chT 1920 Honor"]
[Site "Madrid"]
[Date "2019.11.24"]
[Round "1.3"]
[White "Garcia Salamero, Gabriel"]
[Black "Renteria Becerra, Jorge Elicer"]
[Result "1/2-1/2"]
[WhiteElo "2194"]
[BlackElo "2284"]
[PlyCount "70"]
[EventDate "2019.11.24"]
[EventType "team-tourn"]
[EventRounds "12"]
[EventCountry "ESP"]
[SourceTitle "EXT 2021"]
[Source "ChessBase"]
[SourceDate "2020.10.23"]
[SourceVersion "1"]
[SourceVersionDate "2020.10.23"]
[SourceQuality "1"]
[WhiteTeam "Getafe"]
[BlackTeam "Blanco y Negro"]
[WhiteTeamCountry "ESP"]
[BlackTeamCountry "ESP"]

1. e4 c5 2. Nf3 d6 3. d4 cxd4 4. Nxd4 Nf6 5. Nc3 a6 6. h3 e5 7. Nde2 h5 8. g3 b5 9. Bg2 Bb7 10. a3 Nbd7 11. Nd5 Nxd5 12. exd5 h4 13. g4 Be7 14. Nc3 0-0 15. 0-0 Rc8 16. Qd3 g6 17. Bh6 Re8 18. Be3 Nb6 19. Rae1 Qc7 20. f4 exf4 21. Bd4 Nc4 22. Rxf4 Ne5 23. Qf1 Bg5 24. Ne4 Bxf4 25. Qxf4 Qe7 26. Rf1 Rf8 27. Nxd6 Qxd6 28. Bxe5 Qe7 29. Bf6 Qc5+ 30. Bd4 Qe7 31. d6 Rxc2 32. dxe7 Rxg2+ 33. Kh1 Rf2+ 34. Kg1 Rg2+ 35. Kh1 Rf2+ 1/2-1/2

[Event "ESP-chT CECLUB Div2"]
[Site "Linares"]
[Date "2019.08.21"]
[Round "4.6"]
[White "Quintin Navarro, Alberto"]
[Black "Garcia Salamero, Gabriel"]
[Result "1-0"]
[WhiteElo "2376"]
[BlackElo "2168"]
[PlyCount "109"]
[EventDate "2019.08.19"]
[EventType "team-swiss"]
[EventRounds "7"]
[EventCountry "ESP"]
[SourceTitle "EXT 2020"]
[Source "ChessBase"]
[SourceDate "2019.10.17"]
[SourceVersion "1"]
[SourceVersionDate "2019.10.17"]
[SourceQuality "1"]
[WhiteTeam "Casablanca Stadium"]
[BlackTeam "Getafe"]
[WhiteTeamCountry "ESP"]
[BlackTeamCountry "ESP"]

1. d4 d5 2. c4 e6 3. Nf3 Nf6 4. g3 Be7 5. Bg2 0-0 6. 0-0 b6 7. Nc3 Bb7 8. cxd5 exd5 9. Ne5 Nbd7 10. Qa4 Nb8 11. Rd1 h6 12. Bf4 a6 13. Rac1 Bd6 14. Qb3 c6 15. e4 Bc7 16. exd5 cxd5 17. Ng6 Bxf4 18. Nxf4 Nc6 19. Ncxd5 Na5 20. Nxf6+ Qxf6 21. Qb4 Bxg2 22. Kxg2 Rfd8 23. Qc3 Rd6 24. d5 Qxc3 25. Rxc3 b5 26. b3 Rad8 27. Rc7 Kf8 28. Ra7 R8d7 29. Ra8+ Rd8 30. Rxd8+ Rxd8 31. Kf3 Ke7 32. Ke4 Kd6 33. Rc1 Re8+ 34. Kd3 g5 35. Ne2 f5 36. Nd4 Re5 37. Rc8 Nb7 38. b4 Rxd5 39. Rf8 Kc7 40. Rf7+ Kb6 41. Rxf5 Rd6 42. Ke4 Rg6 43. Ke5 Nd6 44. Rf6 Rxf6 45. Kxf6 Ne4+ 46. Kg6 Nxf2 47. h4 Ne4 48. Kxh6 gxh4 49. gxh4 Kc7 50. Kg6 Kd6 51. h5 Ke5 52. h6 Nf6 53. Nc6+ Ke6 54. h7 Nxh7 55. Kxh7 1-0

[Event "San Sebastian op 42nd"]
[Site "San Sebastian"]
[Date "2019.04.14"]
[Round "3"]
[White "Alshameary Puente, Ismael"]
[Black "Garcia Salamero, Gabriel"]
[Result "1-0"]
[WhiteElo "2425"]
[BlackElo "2177"]
[PlyCount "129"]
[EventDate "2019.04.13"]
[EventType "swiss"]
[EventRounds "9"]
[EventCountry "ESP"]
[SourceTitle "CBM 189 Extra"]
[Source "ChessBase"]
[SourceDate "2019.06.03"]
[SourceVersion "1"]
[SourceVersionDate "2019.06.03"]
[SourceQuality "1"]

1. d4 d5 2. c4 e6 3. Nc3 Nf6 4. cxd5 exd5 5. Bg5 c6 6. e3 Be7 7. Bd3 0-0 8. Qc2 Nbd7 9. Nf3 Re8 10. 0-0 h6 11. Bf4 Nf8 12. h3 Ne6 13. Bh2 Bd6 14. Ne5 a6 15. Rad1 Qe7 16. Rfe1 Bd7 17. Na4 Rad8 18. a3 Bc8 19. b4 Ng5 20. Kh1 Bc7 21. Nc5 Nge4 22. f3 Ng5 23. Qf2 Bd6 24. h4 Ne6 25. Nb3 Qc7 26. Rg1 h5 27. g4 hxg4 28. fxg4 Nf8 29. g5 Ne4 30. Bxe4 dxe4 31. Rdf1 Be6 32. Nd2 Ng6 33. Nxg6 fxg6 34. Bxd6 Qxd6 35. Qh2 Bf5 36. Qxd6 Rxd6 37. Kh2 Kf7 38. Kg3 Ke6 39. Nb3 b6 40. Rf2 Kd7 41. Nd2 Rd5 42. Rc1 Kc7 43. Nb1 Kb7 44. Nc3 Rd6 45. h5 Rh8 46. Rh1 c5 47. bxc5 bxc5 48. d5 Kc7 49. h6 gxh6 50. gxh6 Rb6 51. Kf4 Rb3 52. Nb1 Kd6 53. h7 Rxb1 54. Rxb1 Rxh7 55. Rd2 Rh4+ 56. Kg5 Rh3 57. Kf6 Rxe3 58. Rb6+ Kd7 59. Rxa6 Rh3 60. Rb2 Kc8 61. Rc6+ Kd8 62. Rb8+ Kd7 63. Rb7+ Kd8 64. d6 Rf3 65. Ke5 1-0

[Event "Madrid Oliver Gonzalez Memorial-A 3rd"]
[Site "Madrid"]
[Date "2012.09.05"]
[Round "5"]
[White "Garcia Salamero, Gabriel"]
[Black "Alvarez Abejon, Amilcar"]
[Result "0-1"]
[WhiteElo "2239"]
[BlackElo "2105"]
[PlyCount "104"]
[EventDate "2012.09.01"]
[EventType "swiss"]
[EventRounds "9"]
[EventCountry "ESP"]
[SourceTitle "CBM 150 Extra"]
[Source "ChessBase"]
[SourceDate "2012.10.19"]
[SourceVersion "1"]
[SourceVersionDate "2012.10.19"]
[SourceQuality "1"]

1. e4 e5 2. Nf3 Nc6 3. Bb5 Nf6 4. Nc3 Bc5 5. Nxe5 Nxe5 6. d4 Bd6 7. f4 Nc6 8. e5 Be7 9. d5 Nb4 10. exf6 Bxf6 11. 0-0 0-0 12. Bc4 d6 13. a3 Na6 14. Ne4 Bf5 15. Ng3 Bd7 16. c3 Nc5 17. Ra2 Ba4 18. b3 b5 19. bxa4 bxc4 20. Be3 Nd3 21. Qd2 Re8 22. Bd4 Qe7 23. Nf5 Bxd4+ 24. Nxd4 Qe4 25. Qd1 Qxd5 26. Qg4 h5 27. Qg3 Re4 28. Re2 Rxe2 29. Nxe2 Re8 30. Nd4 Qc5 31. f5 Qe5 32. Qf3 a6 33. h3 Qe3+ 34. Kh2 Qxf3 35. Rxf3 Re1 36. f6 Rc1 37. fxg7 Kxg7 38. Ne2 Rc2 39. Re3 Kf8 40. Kg3 Rd2 41. Nf4 Nxf4 42. Kxf4 Rxg2 43. Re4 d5 44. Re5 c6 45. Rxh5 Rc2 46. Ke5 Rxc3 47. Kd6 d4 48. Kxc6 d3 49. Rd5 Rc2 50. h4 d2 51. h5 Kg7 52. Kc5 c3 0-1

[Event "Madrid-ch sf-B"]
[Site "Madrid"]
[Date "2012.03.24"]
[Round "3"]
[White "Ruiz Sanchez, Roberto"]
[Black "Garcia Salamero, Gabriel"]
[Result "1-0"]
[WhiteElo "1997"]
[BlackElo "2225"]
[PlyCount "53"]
[EventDate "2012.03.22"]
[EventType "swiss"]
[EventRounds "9"]
[EventCountry "ESP"]
[SourceTitle "EXT 2013"]
[Source "ChessBase"]
[SourceDate "2012.11.22"]
[SourceVersion "1"]
[SourceVersionDate "2012.11.22"]
[SourceQuality "1"]

1. e4 c5 2. Nf3 e6 3. d4 cxd4 4. Nxd4 a6 5. Bd3 Qc7 6. 0-0 Nf6 7. Qe2 d6 8. c4 b6 9. Nc3 Bb7 10. f4 Nbd7 11. Kh1 Be7 12. Bd2 h5 13. Rfe1 0-0-0 14. b4 Nb8 15. Rac1 Nc6 16. Nxc6 Bxc6 17. Nd5 Qa7 18. Be3 exd5 19. cxd5 Kd7 20. Rxc6 Rb8 21. Rec1 Bd8 22. e5 dxe5 23. fxe5 Ng4 24. e6+ Ke8 25. exf7+ Kxf7 26. Bg6+ Kg8 27. Bf4 1-0

[Event "ESP-ch U18"]
[Site "Padron"]
[Date "2011.07.27"]
[Round "4"]
[White "Garcia Salamero, Gabriel"]
[Black "Shen, Yue"]
[Result "1-0"]
[WhiteElo "2247"]
[BlackElo "2053"]
[PlyCount "95"]
[EventDate "2011.07.25"]
[EventType "tourn"]
[EventRounds "9"]
[EventCountry "ESP"]
[SourceTitle "EXT 2012"]
[Source "ChessBase"]
[SourceDate "2011.11.24"]
[SourceVersion "1"]
[SourceVersionDate "2011.11.24"]
[SourceQuality "1"]

1. e4 c5 2. Nf3 d6 3. d4 cxd4 4. Nxd4 Nf6 5. Nc3 a6 6. h3 g6 7. g3 Bg7 8. Bg2 0-0 9. 0-0 Bd7 10. Nde2 Nc6 11. Nd5 Nxd5 12. exd5 Ne5 13. c3 Qc8 14. Kh2 Bb5 15. f4 Nd3 16. a4 Bc4 17. b3 Nxc1 18. Rxc1 Bxe2 19. Qxe2 Qd7 20. c4 Rac8 21. h4 f5 22. Rfe1 Rfe8 23. a5 Bf6 24. b4 Qd8 25. Qe6+ Kg7 26. h5 b6 27. axb6 Qxb6 28. c5 Qxb4 29. c6 Rc7 30. Rb1 Qc5 31. Rec1 Qa7 32. h6+ Kxh6 33. Qf7 Rb8 34. Rxb8 Qxb8 35. Rh1 Qb6 36. g4 Qf2 37. Qf8+ Bg7 38. g5+ Kh5 39. Qxg7 Qxf4+ 40. Kg1+ Kg4 41. Qc3 Kxg5 42. Rxh7 Qg4 43. Rh3 f4 44. Kh2 Rc8 45. Bf3 Qf5 46. c7 Qd7 47. Qg7 Kf5 48. Bg4+ 1-0

[Event "ESP-ch U18"]
[Site "Padron"]
[Date "2011.07.25"]
[Round "1"]
[White "Cobos Ceballos, Cristofer"]
[Black "Garcia Salamero, Gabriel"]
[Result "0-1"]
[WhiteElo "1825"]
[BlackElo "2247"]
[PlyCount "90"]
[EventDate "2011.07.25"]
[EventType "tourn"]
[EventRounds "9"]
[EventCountry "ESP"]
[SourceTitle "EXT 2012"]
[Source "ChessBase"]
[SourceDate "2011.11.24"]
[SourceVersion "1"]
[SourceVersionDate "2011.11.24"]
[SourceQuality "1"]

1. e4 c5 2. Nc3 e6 3. g3 Nc6 4. Bg2 a6 5. d3 b5 6. f4 b4 7. Nce2 d5 8. Be3 d4 9. Bd2 Nf6 10. Nf3 Be7 11. 0-0 h5 12. h3 Bb7 13. Be1 Qc7 14. Nc1 Rd8 15. Bf2 e5 16. fxe5 Nxe5 17. Nb3 Nfd7 18. Nbd2 g5 19. Nxe5 Nxe5 20. Nf3 Bc8 21. Nxe5 Qxe5 22. Qf3 Be6 23. b3 Bd6 24. Be1 g4 25. hxg4 hxg4 26. Qf6 Qxf6 27. Rxf6 Be5 28. Rf1 Ke7 29. Kf2 a5 30. a4 f5 31. Bd2 Rdf8 32. Bg5+ Kd6 33. Kg1 fxe4 34. Rxf8 Rxf8 35. Bxe4 Bxg3 36. Rf1 Rh8 37. Kg2 Be5 38. Bf4 Bxf4 39. Rxf4 Ke5 40. Rf1 Rh3 41. Rf8 Re3 42. Kf1 g3 43. Bg2 Bg4 44. Re8+ Kd6 45. Re4 Rxe4 0-1

[Event "Madrid-ch"]
[Site "Madrid"]
[Date "2011.03.10"]
[Round "11"]
[White "Garcia Salamero, Gabriel"]
[Black "Ramirez Garcia, Jorge Alberto"]
[Result "1-0"]
[WhiteElo "2177"]
[BlackElo "2255"]
[PlyCount "71"]
[EventDate "2011.02.22"]
[EventType "tourn"]
[EventRounds "11"]
[EventCountry "ESP"]
[EventCategory "1"]
[SourceTitle "CBM 141 Extra"]
[Source "ChessBase"]
[SourceDate "2011.05.03"]
[SourceVersion "1"]
[SourceVersionDate "2011.05.03"]
[SourceQuality "1"]

1. e4 c6 2. d4 d5 3. Nd2 dxe4 4. Nxe4 Nd7 5. Bd3 Ngf6 6. c3 Nxe4 7. Bxe4 Nf6 8. Bd3 Bg4 9. f3 Bh5 10. Ne2 Bg6 11. Nf4 Qc7 12. Qe2 e6 13. Bd2 Bd6 14. g3 0-0-0 15. 0-0-0 e5 16. dxe5 Bxe5 17. Nxg6 hxg6 18. f4 Bd6 19. Kb1 Rh5 20. Qf3 Rdh8 21. h4 Nd5 22. c4 Nb6 23. Bc3 R5h7 24. b3 Nd7 25. Rhe1 Rd8 26. Bc2 Nf8 27. Qe3 b6 28. Qf3 a5 29. c5 bxc5 30. Bxa5 Qxa5 31. Qxc6+ Qc7 32. Rxd6 Nd7 33. Qd5 Rh5 34. f5 Qb7 35. Rc6+ Kb8 36. Qd6+ 1-0

[Event "Madrid-ch"]
[Site "Madrid"]
[Date "2011.02.24"]
[Round "3"]
[White "Spitzer Isbert, Ramon"]
[Black "Garcia Salamero, Gabriel"]
[Result "0-1"]
[WhiteElo "2082"]
[BlackElo "2177"]
[PlyCount "102"]
[EventDate "2011.02.22"]
[EventType "tourn"]
[EventRounds "11"]
[EventCountry "ESP"]
[EventCategory "1"]
[SourceTitle "CBM 141 Extra"]
[Source "ChessBase"]
[SourceDate "2011.05.03"]
[SourceVersion "1"]
[SourceVersionDate "2011.05.03"]
[SourceQuality "1"]

1. e4 c5 2. Nf3 e6 3. d4 cxd4 4. Nxd4 a6 5. Be2 Qc7 6. 0-0 Nc6 7. Nc3 Nf6 8. Be3 b5 9. Nxc6 dxc6 10. Bf3 Bb7 11. Qe2 Nd7 12. Rad1 Ne5 13. Bg4 h5 14. Bh3 Be7 15. f4 Nc4 16. Bc1 Rd8 17. Rxd8+ Qxd8 18. Rd1 Qc7 19. Kh1 Nb6 20. e5 c5 21. Ne4 Bd5 22. Ng5 Nd7 23. Rxd5 exd5 24. e6 fxe6 25. Nxe6 Qd6 26. Nxg7+ Kf7 27. Nf5 Qf6 28. Ng3 h4 29. Nh5 Qd6 30. Qg4 Bf6 31. Qxd7+ Qxd7 32. Bxd7 Rxh5 33. f5 Ke7 34. Be6 Kd6 35. Kg1 Ke5 36. Kf2 Ke4 37. Ke2 Be5 38. Bf7 Rh8 39. Bg6 Bf6 40. Bd2 d4 41. Ba5 c4 42. Be1 d3+ 43. cxd3+ cxd3+ 44. Kd1 Rc8 45. Bb4 Ke3 46. Bd2+ Kf2 47. g4 hxg3 48. Be1+ Kf1 49. hxg3 Rc2 50. Bd2 Rxb2 51. Bf7 Rb1+ 0-1

[Event "Madrid-ch sf-B"]
[Site "Madrid"]
[Date "2011.01.28"]
[Round "6"]
[White "Garcia Salamero, Gabriel"]
[Black "Gomez Gonzalez, Javier"]
[Result "1-0"]
[WhiteElo "2177"]
[BlackElo "2062"]
[PlyCount "53"]
[EventDate "2011.01.14"]
[EventType "swiss"]
[EventRounds "9"]
[EventCountry "ESP"]
[SourceTitle "CBM 140 Extra"]
[Source "ChessBase"]
[SourceDate "2011.03.01"]
[SourceVersion "1"]
[SourceVersionDate "2011.03.01"]
[SourceQuality "1"]

1. e4 c5 2. Nf3 d6 3. d4 cxd4 4. Nxd4 Nf6 5. Nc3 a6 6. h3 e6 7. g4 b5 8. a3 Bb7 9. Bg2 Qc7 10. 0-0 Nc6 11. Nde2 b4 12. axb4 Nxb4 13. Nf4 Be7 14. g5 Nd7 15. Nh5 g6 16. Qd4 0-0-0 17. Qxb4 gxh5 18. Be3 Rhg8 19. Na4 Nc5 20. Ra3 Rxg5 21. Bxg5 Bxg5 22. Rd1 Nxa4 23. Qxa4 Qd7 24. Qd4 Kb8 25. Rdd3 Bf4 26. Rdb3 Qc6 27. Qf6 1-0

[Event "Madrid-ch sf-B"]
[Site "Madrid"]
[Date "2011.01.14"]
[Round "1"]
[White "Garcia Herranz, Jesus"]
[Black "Garcia Salamero, Gabriel"]
[Result "0-1"]
[WhiteElo "1958"]
[BlackElo "2177"]
[PlyCount "118"]
[EventDate "2011.01.14"]
[EventType "swiss"]
[EventRounds "9"]
[EventCountry "ESP"]
[SourceTitle "CBM 140 Extra"]
[Source "ChessBase"]
[SourceDate "2011.03.01"]
[SourceVersion "1"]
[SourceVersionDate "2011.03.01"]
[SourceQuality "1"]

1. Nf3 d5 2. d4 Nf6 3. c4 e6 4. g3 Be7 5. Bg2 b6 6. cxd5 exd5 7. Nc3 0-0 8. 0-0 Bb7 9. Bf4 a6 10. Rc1 Nbd7 11. Nh4 Rc8 12. Nf5 Re8 13. a3 Bf8 14. b4 Ne4 15. Nxe4 dxe4 16. Bh3 Bd5 17. Ne3 Be6 18. Bxe6 Rxe6 19. d5 Re8 20. Nc4 b5 21. Na5 Nb6 22. d6 Bxd6 23. Nb7 Qe7 24. Nxd6 cxd6 25. Qxd6 Qxd6 26. Bxd6 Nc4 27. Bc5 Red8 28. Rfd1 f6 29. Be7 Rxd1+ 30. Rxd1 Nxa3 31. Rd6 Kf7 32. Rxa6 Kxe7 33. Rxa3 Rc1+ 34. Kg2 Rb1 35. Ra7+ Kf8 36. g4 Rxb4 37. h4 e3 38. f3 Rb2 39. f4 Rxe2+ 40. Kf3 Rh2 41. Kxe3 Rxh4 42. Kf3 h5 43. gxh5 Rxh5 44. Ra8+ Kf7 45. Ra7+ Kg6 46. Rb7 Rc5 47. Ke4 Rc4+ 48. Kf3 Rb4 49. f5+ Kxf5 50. Rxg7 Rb3+ 51. Ke2 Kf4 52. Rh7 f5 53. Rh4+ Ke5 54. Kd2 b4 55. Kc2 Rc3+ 56. Kb2 f4 57. Rh5+ Kd4 58. Rf5 Rf3 59. Rb5 Kc4 0-1

[Event "Collado Villalba op-A 27th"]
[Site "Collado Villalba"]
[Date "2010.08.27"]
[Round "8"]
[White "Martin Consuegra, Barrilero Javier"]
[Black "Garcia Salamero, Gabriel"]
[Result "0-1"]
[WhiteElo "1917"]
[BlackElo "2157"]
[PlyCount "78"]
[EventDate "2010.08.20"]
[EventType "swiss"]
[EventRounds "10"]
[EventCountry "ESP"]
[SourceTitle "CBM 138 Extra"]
[Source "ChessBase"]
[SourceDate "2010.10.29"]
[SourceVersion "1"]
[SourceVersionDate "2010.10.29"]
[SourceQuality "1"]

1. d4 Nf6 2. Bg5 Ne4 3. Bf4 g5 4. Bc1 h6 5. f3 Nf6 6. e4 c5 7. e5 Nd5 8. c4 Nf4 9. g3 Ng6 10. f4 gxf4 11. gxf4 e6 12. Nf3 cxd4 13. Qxd4 Nc6 14. Qf2 d6 15. Bd3 Nxf4 16. Bxf4 dxe5 17. Nxe5 Qa5+ 18. Qd2 Bb4 19. Nxc6 Bxd2+ 20. Bxd2 Qb6 21. Na5 Qxb2 22. Nb3 Qe5+ 23. Kd1 Rg8 24. Bc3 Qe3 25. Kc2 Bd7 26. Re1 Qh3 27. Be5 Bc6 28. Bg3 0-0-0 29. Nc3 f5 30. Rxe6 Rxd3 31. Rxc6+ bxc6 32. Kxd3 f4 33. Ne2 Rd8+ 34. Kc3 fxg3 35. hxg3 Qg2 36. Nbc1 Qf3+ 37. Kc2 Qe4+ 38. Kb3 Kc7 39. a4 Rb8+ 0-1

[Event "Collado Villalba op-A 27th"]
[Site "Collado Villalba"]
[Date "2010.08.25"]
[Round "6"]
[White "Perez Gonzalez, Jose Manuel"]
[Black "Garcia Salamero, Gabriel"]
[Result "1-0"]
[WhiteElo "2324"]
[BlackElo "2157"]
[PlyCount "33"]
[EventDate "2010.08.20"]
[EventType "swiss"]
[EventRounds "10"]
[EventCountry "ESP"]
[SourceTitle "CBM 138 Extra"]
[Source "ChessBase"]
[SourceDate "2010.10.29"]
[SourceVersion "1"]
[SourceVersionDate "2010.10.29"]
[SourceQuality "1"]

1. e4 e5 2. Bc4 Nf6 3. d4 exd4 4. Nf3 Nc6 5. e5 d5 6. Bb5 Bb4+ 7. c3 dxc3 8. bxc3 0-0 9. cxb4 Bg4 10. Bxc6 Bxf3 11. Qxf3 Qe7 12. Qe2 Ne4 13. Bxd5 Qxe5 14. Bxe4 Qxa1 15. 0-0 Rae8 16. Qc2 Qf6 17. Bxb7 1-0

[Event "Collado Villalba op-A 27th"]
[Site "Collado Villalba"]
[Date "2010.08.24"]
[Round "5"]
[White "Garcia Salamero, Gabriel"]
[Black "Samolins, Vitalijs"]
[Result "1/2-1/2"]
[WhiteElo "2157"]
[BlackElo "2408"]
[PlyCount "39"]
[EventDate "2010.08.20"]
[EventType "swiss"]
[EventRounds "10"]
[EventCountry "ESP"]
[SourceTitle "CBM 138 Extra"]
[Source "ChessBase"]
[SourceDate "2010.10.29"]
[SourceVersion "1"]
[SourceVersionDate "2010.10.29"]
[SourceQuality "1"]

1. e4 e5 2. Nf3 Nc6 3. Nc3 Nf6 4. a3 d5 5. exd5 Nxd5 6. Bb5 Nxc3 7. bxc3 Bd6 8. 0-0 0-0 9. Re1 Qf6 10. d4 Bg4 11. Bxc6 bxc6 12. dxe5 Bxe5 13. Bg5 Qxg5 14. Nxg5 Bxd1 15. Rxe5 Bxc2 16. Rc5 Ba4 17. Ra5 Bc2 18. Rc5 Ba4 19. Ra5 Bc2 20. Rc5 1/2-1/2

[Event "Collado Villalba op-A 27th"]
[Site "Collado Villalba"]
[Date "2010.08.20"]
[Round "1"]
[White "Garcia Salamero, Gabriel"]
[Black "Tevar Sanz, Gonzalo"]
[Result "1-0"]
[WhiteElo "2157"]
[BlackElo "1887"]
[PlyCount "67"]
[EventDate "2010.08.20"]
[EventType "swiss"]
[EventRounds "10"]
[EventCountry "ESP"]
[SourceTitle "CBM 138 Extra"]
[Source "ChessBase"]
[SourceDate "2010.10.29"]
[SourceVersion "1"]
[SourceVersionDate "2010.10.29"]
[SourceQuality "1"]

1. e4 e6 2. d4 d5 3. e5 c5 4. c3 Qb6 5. Nf3 Nc6 6. a3 c4 7. g3 Bd7 8. Nbd2 Na5 9. Bh3 Ne7 10. 0-0 h6 11. Ne1 Nb3 12. Nxb3 Ba4 13. f4 Nc6 14. Qf3 Bxb3 15. f5 0-0-0 16. fxe6 fxe6 17. Bxe6+ Kb8 18. Bh3 Nxe5 19. Bf4 Bd6 20. Qxd5 Nd3 21. Nxd3 Bxf4 22. Qe4 cxd3 23. Qxf4+ Ka8 24. Bg2 a5 25. Rae1 Bc4 26. Qd2 Rhf8 27. b4 a4 28. Rxf8 Rxf8 29. Re7 g5 30. Qe3 Qf6 31. Re8+ Ka7 32. d5+ b6 33. Re6 Qd8 34. Qd4 1-0

[Event "ESP-ch U18"]
[Site "Linares"]
[Date "2010.07.27"]
[Round "3"]
[White "Garcia Salamero, Gabriel"]
[Black "Herrera Delgado, Alejandro"]
[Result "0-1"]
[WhiteElo "2157"]
[BlackElo "2316"]
[PlyCount "72"]
[EventDate "2010.07.26"]
[EventType "swiss"]
[EventRounds "9"]
[EventCountry "ESP"]
[SourceTitle "CBM 137 Extra"]
[Source "ChessBase"]
[SourceDate "2010.09.01"]
[SourceVersion "1"]
[SourceVersionDate "2010.09.01"]
[SourceQuality "1"]

1. e4 c5 2. Nf3 d6 3. d4 cxd4 4. Nxd4 Nf6 5. Nc3 g6 6. g3 Nc6 7. Nde2 Bg7 8. Bg2 0-0 9. 0-0 Rb8 10. a4 a6 11. h3 b5 12. axb5 axb5 13. Be3 b4 14. Nd5 Nd7 15. Nd4 Bxd4 16. Bxd4 e6 17. Ne3 e5 18. Ba7 Rb7 19. Qxd6 Nxa7 20. Nd5 Nb5 21. Qxb4 Nd4 22. Qd6 Rxb2 23. c3 Nb5 24. Qc6 Nb8 25. Qa8 Be6 26. c4 Nd4 27. Rab1 Rxb1 28. Rxb1 Nbc6 29. Qa3 Qa8 30. Qc5 Qa2 31. Rd1 Qc2 32. Rxd4 exd4 33. Qxc6 d3 34. Qd6 Bxd5 35. Qxd5 Qd1+ 36. Bf1 d2 0-1

[Event "Madrid-ch sf-B"]
[Site "Madrid"]
[Date "2010.01.22"]
[Round "6"]
[White "Ramirez Garcia, Jorge Alberto"]
[Black "Garcia Salamero, Gabriel"]
[Result "1-0"]
[WhiteElo "2176"]
[BlackElo "2155"]
[PlyCount "157"]
[EventDate "2010.01.08"]
[EventType "swiss"]
[EventRounds "9"]
[EventCountry "ESP"]
[SourceTitle "CBM 134 Extra"]
[Source "ChessBase"]
[SourceDate "2010.03.03"]
[SourceVersion "1"]
[SourceVersionDate "2010.03.03"]
[SourceQuality "1"]

1. e4 e5 2. Nf3 Nf6 3. Nxe5 d6 4. Nf3 Nxe4 5. Nc3 Nxc3 6. dxc3 Be7 7. Be3 Nd7 8. Qd2 Nc5 9. 0-0-0 0-0 10. h4 Bf6 11. Bxc5 dxc5 12. Qf4 Qe7 13. g4 g6 14. g5 Bh8 15. Bc4 Be6 16. Rhe1 Rad8 17. Rxd8 Rxd8 18. Qe4 c6 19. Bxe6 fxe6 20. Qxe6+ Qxe6 21. Rxe6 Kf7 22. Re3 Rd5 23. Rd3 Ke6 24. Kd2 Kf5 25. Ke2 Kg4 26. Re3 Rf5 27. Re4+ Rf4 28. Nh2+ Kf5 29. Re8 Bg7 30. Re7 Re4+ 31. Rxe4 Kxe4 32. f3+ Kf4 33. Kf2 h6 34. gxh6 Bxh6 35. Ng4 Bf8 36. Ne3 Bd6 37. Ng2+ Kf5 38. Ne3+ Kf4 39. Ng2+ Kf5 40. Ke2 Bc7 41. Kd3 b5 42. b3 a6 43. a4 Bd6 44. c4 bxa4 45. bxa4 Bc7 46. Ke3 Bd6 47. Ne1 Bf4+ 48. Kf2 Bd6 49. Nd3 Be7 50. Ke2 Bd6 51. Ke3 Be7 52. f4 Bxh4 53. Nxc5 Be7 54. Ne4 Bd8 55. Kf3 Be7 56. Ng3+ Ke6 57. Ke4 Bh4 58. Ne2 Kd6 59. Nd4 Kc5 60. Nf3 Bf6 61. Ne5 Bg7 62. Nxg6 Kxc4 63. Ne5+ Kb4 64. Nxc6+ Kxa4 65. Kd5 Bc3 66. Kc4 Bf6 67. Kc5 Ka3 68. c4 Kb3 69. Na5+ Kc3 70. Kd5 Kb4 71. Nc6+ Ka4 72. c5 a5 73. Kc4 Bh4 74. Nd4 Ka3 75. c6 Bd8 76. c7 Bxc7 77. Nb5+ Kb2 78. Nxc7 a4 79. Nb5 1-0

[Event "Madrid-ch sf-B"]
[Site "Madrid"]
[Date "2010.01.08"]
[Round "1"]
[White "Sanchez Millan, Eduardo"]
[Black "Garcia Salamero, Gabriel"]
[Result "1/2-1/2"]
[WhiteElo "1978"]
[BlackElo "2155"]
[PlyCount "133"]
[EventDate "2010.01.08"]
[EventType "swiss"]
[EventRounds "9"]
[EventCountry "ESP"]
[SourceTitle "CBM 134 Extra"]
[Source "ChessBase"]
[SourceDate "2010.03.03"]
[SourceVersion "1"]
[SourceVersionDate "2010.03.03"]
[SourceQuality "1"]

1. d4 Nf6 2. c4 e6 3. Nc3 d5 4. Nf3 Be7 5. Bf4 0-0 6. e3 c5 7. Bd3 a6 8. a4 Nc6 9. cxd5 exd5 10. h3 cxd4 11. exd4 Qb6 12. Rb1 Nb4 13. 0-0 Nxd3 14. Qxd3 g6 15. g4 Rd8 16. Ne5 Bf8 17. Rfc1 Be6 18. b4 Rdc8 19. a5 Qd8 20. Na4 Rxc1+ 21. Rxc1 Bxb4 22. Nb6 Bxa5 23. Nxa8 Qxa8 24. Qa3 Bd8 25. Nd3 Nd7 26. Qd6 g5 27. Re1 Nf8 28. Qb8 Qxb8 29. Bxb8 Nd7 30. Ba7 b5 31. f4 Nf6 32. Nc5 Ne4 33. Nxe4 dxe4 34. d5 Bd7 35. f5 b4 36. Kf2 a5 37. Rxe4 Bf6 38. Bb6 b3 39. Bxa5 b2 40. Rb4 Ba4 41. Rb8+ Kg7 42. d6 Bc2 43. d7 b1Q 44. Rxb1 Bxb1 45. Bc3 Bxc3 46. d8Q Bf6 47. Qb6 Be4 48. h4 h6 49. hxg5 hxg5 50. Ke3 Bd5 51. Qd6 Bc4 52. Qc5 Bf1 53. Qc6 Bb2 54. Kd2 Bf6 55. Kc2 Be2 56. Qg2 Bc4 57. Qe4 Bb5 58. Kb3 Ba6 59. Kb4 Bf1 60. Kc5 Ba6 61. Kb6 Bf1 62. Kc6 Ba6 63. Qd5 Be2 64. Kd7 Bxg4 65. Ke8 Bh5 66. Qh1 Be2 67. Qd5 1/2-1/2